[Event "AUTO-OPEN-652"]
[Site "http://www.queenalice.com/game.php?id=208277"]
[Date "2007.5.9"]
[Round "1"]
[White "rubenov"]
[Black "Eagle"]
[Result "1-0"]
[WhiteElo "1715"]
[BlackElo "1472"]

1. d4 d5 2. Bg5 Nf6 3. Nc3 Nbd7 4. e3 e6 5. a3 Be7 6. Nf3 O-O 7. Bd3 c6 8. O-O
b5 9. h3 a6 10. Qe2 Bb7 11. Rfe1 c5 12. dxc5 Nxc5 13. Ne5 d4 14. exd4 Qxd4 15.
Nf3 Qd8 16. Rad1 Qc7 17. Bh4 Bxf3 18. Qxf3 e5 19. Bxf6 Bxf6 20. Nd5 Qd6 21.
Nxf6+ Qxf6 22. Qxf6 gxf6 23. Bf5 Rfe8 24. b4 Na4 25. Rd3 Nb2 26. Rg3+ Kh8 27.
Re4 Ra7 28. Rh4 1-0

[Event "Challenge"]
[Site "http://www.queenalice.com/game.php?id=227779"]
[Date "2007.6.20"]
[Round "-"]
[White "Eagle"]
[Black "Pawngal"]
[Result "1-0"]
[WhiteElo "1474"]
[BlackElo "1427"]

1. e4 e5 2. Nf3 Nc6 3. Bc4 Nf6 4. Nc3 Bc5 5. O-O O-O 6. a3 d6 7. b4 Bb6 8. Bb2
Be6 9. Bxe6 fxe6 10. Ng5 Qe7 11. Nb5 a6 12. Nc3 Nd4 13. Na2 h6 14. Bxd4 Bxd4 15.
c3 hxg5 16. cxd4 exd4 17. Qc2 d5 18. exd5 exd5 19. Rfe1 Qd6 20. Re2 Rae8 21.
Rae1 Rxe2 22. Rxe2 Ne4 23. d3 Nf6 24. f3 b6 25. Nc1 c5 26. bxc5 bxc5 27. Nb3 c4
28. dxc4 dxc4 29. Qxc4+ Kh7 30. Nxd4 Qxa3 31. Ne6 Qa1+ 32. Kf2 Qa5 33. Nxf8+ Kh6
34. Qf7 Qc5+ 35. Kf1 Qc1+ 36. Re1 Qc6 37. Qg6# 1-0

[Event "Summer"]
[Site "http://www.queenalice.com/game.php?id=229041"]
[Date "2007.6.22"]
[Round "-"]
[White "swmorgana"]
[Black "Eagle"]
[Result "0-1"]
[WhiteElo "1428"]
[BlackElo "1453"]

1. e4 e5 2. Nf3 Nc6 3. Bc4 Nf6 4. d3 Be7 5. Ng5 O-O 6. Nc3 Bb4 7. Bxf7+ Rxf7 8.
Nxf7 Bxc3+ 9. bxc3 Kxf7 10. O-O d5 11. exd5 Nxd5 12. Qh5+ Kg8 13. Bg5 Nf6 14.
Qh4 Bf5 15. Rab1 b6 16. d4 Bxc2 17. Rbe1 Bd3 18. dxe5 Bxf1 19. Kxf1 Qd3+ 20. Re2
Nxe5 21. f3 Qxc3 22. Rxe5 Qxe5 23. Qc4+ Nd5 24. Bd2 Qa1+ 25. Kf2 Rd8 26. Bc3
Qxc3 27. Qe2 Qd4+ 28. Kg3 Nf6 29. Kh3 Re8 30. Qc2 c5 31. g4 Re3 32. Qf2 Qxg4#
0-1

[Event "Remember the Alamo "]
[Site "http://www.queenalice.com/game.php?id=240493"]
[Date "2007.7.15"]
[Round "-"]
[White "swmorgana"]
[Black "Eagle"]
[Result "1-0"]
[WhiteElo "1420"]
[BlackElo "1488"]

1. e4 e5 2. Nf3 Nf6 3. Nc3 d5 4. Nxe5 dxe4 5. Bc4 Qe7 6. f4 Be6 7. Bxe6 Qxe6 8.
d4 Bb4 9. O-O Bxc3 10. bxc3 O-O 11. f5 Qe7 12. Rb1 b6 13. Rb3 c5 14. Ba3 Nbd7
15. Nxd7 Qxd7 16. Qe2 Rfe8 17. Qc4 Nd5 18. dxc5 Ne3 19. Qe2 Nxf5 20. Qg4 Ne3 21.
Qxd7 Nxf1 22. Kxf1 Red8 23. Qe7 Re8 24. Qg5 bxc5 25. Bxc5 f6 26. Qd5+ Kh8 27.
Rb4 Rad8 28. Qf7 e3 29. Bxe3 Rxe3 30. Rb7 Rg8 31. Kf2 Ree8 32. Qh5 Rc8 33. Rb4
Rxc3 34. Rh4 Rxc2+ 35. Kf3 h6 36. Qf5 Rc6 37. g4 g6 38. Rxh6+ Kg7 39. Qxg6+ Kf8
40. Qb1 Kg7 41. g5 Rc3+ 42. Kg4 Rcc8 43. gxf6+ Kxh6+ 44. Kh4 Rc4+ 45. Kh3 Rf8
46. Qf1 Kg6 47. Qxc4 Rxf6 48. Qd3+ Rf5 49. Qg3+ Rg5 50. Qd6+ Kh5 51. a4 a5 52.
Qd1+ Kh6 53. Kh4 Kg6 54. h3 Kh6 55. Qd6+ Rg6 56. Qf8+ Rg7 57. Qc5 1-0

[Event "Challenge"]
[Site "http://www.queenalice.com/game.php?id=257365"]
[Date "2007.8.18"]
[Round "-"]
[White "Pawngal"]
[Black "Eagle"]
[Result "1-0"]
[WhiteElo "1390"]
[BlackElo "1484"]

1. e4 c5 2. Nf3 Nc6 3. Bb5 Nd4 4. O-O Nxb5 5. Nc3 Nxc3 6. dxc3 b6 7. Be3 Bb7 8.
Qd3 e6 9. a4 Nf6 10. b4 cxb4 11. cxb4 Be7 12. e5 Bxf3 13. gxf3 Nd5 14. c4 Nxb4
15. Qd2 O-O 16. h3 a5 17. f4 f6 18. h4 d5 19. exd6 Bxd6 20. h5 h6 21. Kg2 Rb8
22. c5 bxc5 23. Rab1 Qe8 24. Qxd6 c4 25. Bc5 Rd8 26. Qb6 Nd5 27. Qa7 Nxf4+ 28.
Kg3 Nxh5+ 29. Kf3 Ra8 30. Qb7 Rf7 31. Qe4 Qxa4 32. Qxa8+ Kh7 33. Qe4+ f5 34. Qd4
Qc6+ 35. Ke3 f4+ 36. Ke2 Qa4 37. Qe4+ Kh8 38. Rb8+ 1-0

[Event "Thanks "]
[Site "http://www.queenalice.com/game.php?id=276686"]
[Date "2007.9.25"]
[Round "-"]
[White "Eagle"]
[Black "swmorgana"]
[Result "1-0"]
[WhiteElo "1469"]
[BlackElo "1435"]

1. e4 e5 2. Nf3 Nc6 3. d4 Bb4+ 4. c3 Bd6 5. d5 Na5 6. b4 Nc6 7. dxc6 dxc6 8. Be2
Bg4 9. O-O f5 10. Nbd2 Nf6 11. exf5 e4 12. Nd4 Qe7 13. Bxg4 h5 14. Bh3 e3 15.
Nc4 Bf4 16. fxe3 Bg5 17. Na5 O-O-O 18. Re1 Ne4 19. g3 h4 20. g4 Nxc3 21. Qf3 c5
22. bxc5 Rhe8 23. Qxb7+ Kd7 24. Nac6 Rb8 25. Nxb8+ Rxb8 26. Qxb8 Nd5 27. e4 Nf4
28. c6+ Kd6 29. Ba3+ Ke5 30. Bxe7 Kxd4 31. Qxa7+ Ke5 32. Qxc7+ Kd4 33. Bxg5
Nxh3+ 34. Kg2 Nxg5 35. Qxg7+ Kc5 36. Qxg5 1-0

[Event "Challenge"]
[Site "http://www.queenalice.com/game.php?id=303582"]
[Date "2007.11.14"]
[Round "-"]
[White "swmorgana"]
[Black "Eagle"]
[Result "0-1"]
[WhiteElo "1445"]
[BlackElo "1464"]

1. e4 c5 2. Bc4 Nc6 3. Nf3 Nf6 4. Ng5 Ne5 5. b3 d5 6. exd5 Nxd5 7. Qe2 f6 8. Ne4
e6 9. O-O Nf4 10. Qe3 Nxc4 11. Qxf4 e5 12. Qf3 f5 13. Nec3 e4 14. Qe2 b5 15.
Nxb5 a6 16. N5c3 g6 17. d3 Nd6 18. Nd5 Bb7 19. Nbc3 Bg7 20. Bb2 O-O 21. Nf4 Qf6
22. dxe4 Nxe4 23. Nfd5 Bxd5 24. Nxd5 Qxb2 25. Ne7+ Kh8 26. f3 Nc3 27. Qf2 Nxa2
28. Qh4 Rf6 29. Rab1 Qxc2 30. Rbe1 Qxb3 31. Kf2 Re6 32. Rb1 Qc2+ 33. Kg3 Nc3 34.
Rbe1 Ne2+ 35. Kh3 Re8 36. Nd5 c4 37. Nb4 Qa4 38. Nd5 Qc6 39. Rd1 Re5 40. Nf4
Nxf4+ 41. Qxf4 c3 42. Rc1 a5 43. Qd4 Rd5 44. Qh4 c2 45. Qf4 a4 46. Rf2 Rc5 47.
g4 Be5 48. Qe3 Bd4 49. Qd2 Bxf2 50. Qxf2 a3 51. gxf5 gxf5 52. f4 Rc3+ 53. Kh4
Qh6# 0-1

[Event "AUTO-INT-826"]
[Site "http://www.queenalice.com/game.php?id=368921"]
[Date "2008.3.10"]
[Round "1"]
[White "Eagle"]
[Black "zemaria"]
[Result "1-0"]
[WhiteElo "1490"]
[BlackElo "1671"]

1. e4 e5 2. d4 exd4 3. Qxd4 Nc6 4. Qe3 Ne5 5. Nc3 Bb4 6. Nf3 d6 7. Be2 a6 8. O-O
Nf6 9. Nxe5 dxe5 10. Rd1 Qe7 11. Nd5 Nxd5 12. Rxd5 Bd6 13. b3 Bd7 14. Bb2 Bc6
15. Rdd1 Rd8 16. a3 Bd7 17. Qa7 Bb5 18. Bxb5+ axb5 19. Qxb7 O-O 20. Qxb5 Rb8 21.
Qd3 Rfd8 22. Qc4 Qg5 23. b4 Re8 24. Rd3 Rf8 25. Rg3 Qf4 26. Rd1 Kh8 27. Rf3 Qg4
28. h3 Qg6 29. g4 f6 30. Rfd3 Rfc8 31. Kg2 h6 32. b5 Rb6 33. a4 Ra8 34. Ra1 Rb7
35. Ba3 Rb6 36. Bxd6 cxd6 37. a5 Rbb8 38. Rxd6 Rc8 39. Rc6 Qe8 40. a6 Rxc6 41.
Qxc6 Qxc6 42. bxc6 Ra7 43. Ra4 g5 44. c4 Kg7 45. c7 Rxc7 46. a7 1-0

[Event "AUTO-INT-826"]
[Site "http://www.queenalice.com/game.php?id=368922"]
[Date "2008.3.10"]
[Round "1"]
[White "zemaria"]
[Black "Eagle"]
[Result "1-0"]
[WhiteElo "1681"]
[BlackElo "1499"]

1. e4 e5 2. Nf3 Nc6 3. d4 exd4 4. Nxd4 Nxd4 5. Qxd4 c5 6. Qd1 d6 7. Bc4 Nf6 8.
Nc3 a6 9. Bg5 Be7 10. Bf4 O-O 11. O-O Bg4 12. Be2 Bxe2 13. Qxe2 Re8 14. Qc4 b5
15. Qd3 c4 16. Qd2 b4 17. Nd1 Nxe4 18. Qd5 Bf6 19. Re1 Qe7 20. f3 Qe6 21. Qxe4
Qxe4 22. Rxe4 Rxe4 23. fxe4 Rd8 24. Nf2 Bxb2 25. Rd1 b3 26. axb3 cxb3 27. cxb3
h6 28. Rxd6 Rxd6 29. Bxd6 h5 30. Nd3 Bd4+ 31. Kf1 f6 32. Bc5 Be5 33. Nxe5 fxe5
34. Bd6 Kh7 35. Bxe5 1-0

[Event "AUTO-INT-826"]
[Site "http://www.queenalice.com/game.php?id=368923"]
[Date "2008.3.10"]
[Round "1"]
[White "Eagle"]
[Black "Maffu"]
[Result "1-0"]
[WhiteElo "1479"]
[BlackElo "1514"]

1. e4 e5 2. Nf3 Nc6 3. Bb5 f5 4. Nc3 Nf6 5. exf5 Bc5 6. O-O O-O 7. Bxc6 dxc6 8.
Nxe5 Bxf5 9. d3 Qd6 10. Nf3 Bg4 11. Re1 Bxf3 12. Qxf3 Rae8 13. Be3 Bxe3 14. Rxe3
Rxe3 15. Qxe3 Ng4 16. Qg3 Qxg3 17. fxg3 Ne3 18. Rc1 g5 19. h3 b5 20. Ne4 h6 21.
c3 a5 22. Nc5 h5 23. Ne6 Rf5 24. Nxc7 c5 25. Nxb5 c4 26. Nd4 Rf1+ 27. Rxf1 Nxf1
28. Kxf1 cxd3 29. Ke1 Kf7 30. Kd2 1-0

[Event "AUTO-INT-826"]
[Site "http://www.queenalice.com/game.php?id=368924"]
[Date "2008.3.10"]
[Round "1"]
[White "Maffu"]
[Black "Eagle"]
[Result "1/2-1/2"]
[WhiteElo "1549"]
[BlackElo "1497"]

1. e4 e5 2. Nc3 Nf6 3. f4 d5 4. fxe5 Nxe4 5. d3 Nxc3 6. bxc3 Nc6 7. Nf3 f6 8. d4
Bg4 9. Bb5 Qd7 10. O-O O-O-O 11. Rb1 Re8 12. a4 a6 13. Bxc6 Qxc6 14. Bd2 fxe5
15. Nxe5 Bxd1 16. Nxc6 Bxc2 17. Rb2 Bxa4 18. Ne5 Bd6 19. Nf7 Rhf8 20. Nxd6+ cxd6
21. Rb4 Rxf1+ 22. Kxf1 Bb5+ 23. Kg1 Re2 24. Bf4 Kc7 25. h4 Rc2 26. Rb3 Kc6 27.
Kh2 Bf1 28. Kg1 Bxg2 29. h5 b5 30. h6 g6 31. Ra3 g5 32. Bg3 b4 33. cxb4 Bh3 34.
Rxa6+ Kb5 35. Rxd6 Kxb4 36. Rxd5 g4 37. Rd7 Rc1+ 38. Kf2 Rf1+ 39. Ke2 Rf3 40.
Be1+ Kc4 41. Rxh7 Rf6 42. Rc7+ Kd5 43. h7 Rf8 44. Rg7 Rh8 45. Bg3 1/2-1/2

[Event "AUTO-INT-826"]
[Site "http://www.queenalice.com/game.php?id=368925"]
[Date "2008.3.10"]
[Round "1"]
[White "Eagle"]
[Black "camilleetgeorges"]
[Result "0-1"]
[WhiteElo "1513"]
[BlackElo "1502"]

1. e4 e6 2. d4 d5 3. Nc3 a6 4. Nf3 Nf6 5. Bg5 Nbd7 6. Be2 dxe4 7. Nxe4 Be7 8.
O-O O-O 9. Nxf6+ Bxf6 10. Bxf6 Nxf6 11. c4 c6 12. b4 b5 13. cxb5 cxb5 14. Ne5
Bb7 15. f3 Qd5 16. h3 Rad8 17. Ng4 Nxg4 18. hxg4 Qxd4+ 19. Qxd4 Rxd4 20. a3 Rfd8
21. Kh2 h6 22. Rac1 R4d7 23. f4 f6 24. Bf3 Bxf3 25. gxf3 Rd2+ 26. Kg3 R8d6 27.
Rf2 Rxf2 28. Kxf2 Kh7 29. Kg3 Kg6 30. Rc3 f5 31. Kh4 fxg4 32. fxg4 Kf7 33. Kh5
Rd5+ 34. Kh4 g5+ 35. fxg5 hxg5+ 36. Kh5 Kf6 37. Rc6 Rd3 0-1

[Event "AUTO-INT-826"]
[Site "http://www.queenalice.com/game.php?id=368926"]
[Date "2008.3.10"]
[Round "1"]
[White "camilleetgeorges"]
[Black "Eagle"]
[Result "0-1"]
[WhiteElo "1512"]
[BlackElo "1496"]

1. Nf3 Nf6 2. c4 e6 3. d4 d5 4. cxd5 exd5 5. Nc3 Bb4 6. Bd2 O-O 7. a3 Bxc3 8.
Bxc3 Nc6 9. e3 Bd7 10. Be2 Re8 11. O-O Ne4 12. Nd2 a5 13. Nxe4 Rxe4 14. Bf3 Re8
15. h3 Qg5 16. Bg4 Bxg4 17. hxg4 Re4 18. f3 Qxe3+ 19. Kh1 Ree8 20. Re1 Qf4 21.
Bd2 Qxd4 22. Bc3 Qxd1 23. Raxd1 Rxe1+ 24. Rxe1 d4 25. Bd2 h6 26. b4 axb4 27.
axb4 Rd8 28. Kg1 f6 29. Kf2 g5 30. b5 Ne5 31. Ke2 d3+ 32. Kd1 Rd6 33. Bb4 Rd5
34. Bc3 c6 35. Bxe5 fxe5 36. bxc6 bxc6 0-1